000 00771nam a2200241Ia 4500
003 OSt
005 20251118115719.0
008 210716s2006 xx 000 0 und d
020 _a9788131203323
040 _cAIMIT LIBRARY
041 _aeng
082 _a005.81
_21
_bSPET
100 _aSpeed, Tim.
_9246143
245 _aInternet security :
_ba jumpstract for systems administrators and it managers /
_cBy Tim Speed and Juanita Ellis.
250 _a1st ed.
260 _aNew Delhi :
_bDigital Press ,
_c2006.
300 _axviii,398p. ;
_bPB
_c23.5 cm
650 _aThe security review process
_9246144
650 _aSecure networks
_9246145
650 _aWhat are we doing here
_9246146
700 _aEllis, Juanita.
_9246147
942 _2ddc
_cBK
_e1st
_k005.81 SPET
999 _c189058
_d189058